Statystyki dla Stacje połączenia Gdynia Główna - Wrocław Główny ICC HEWELIUSZ

Kliknij tutaj aby rozwiązać quiz!

Ogólne statystyki

  • Ten quiz został rozwiązany 51 razy
  • Średni wynik to 11 z 14

Statystyki odpowiedzi

Odpowiedź% Poprawnych
Gdańsk Główny
98%
GDYNIA GŁÓWNA
96%
Poznań Główny
96%
WROCŁAW GŁÓWNY
96%
Bydgoszcz Główna
94%
Sopot
90%
Gdańsk Wrzeszcz
88%
Gdańsk Oliwa
79%
Leszno
79%
Tczew
79%
Inowrocław
75%
Gniezno
71%
Mogilno
58%
Laskowice Pomorskie
50%

Rozkład punktacji

Percentyl według liczby udzielonych odpowiedzi

Procent ludzi z każdym wynikiem

Twoja historia wyników

Nie rozwiązałeś tego quizu